[Event "CYCC U16"]
[Site "Regina CAN"]
[Date "2019.07.08"]
[Round "4.124"]
[White "Wei, Daniel"]
[Black "Cheng, Richard"]
[Result "1-0"]
[WhiteElo "2015"]
[BlackElo "1086"]
[PlyCount "51"]
[EventDate "2019.07.07"]
[EventType "swiss"]
[EventRounds "7"]
[EventCountry "CAN"]

1. e4 e6 2. d4 d5 3. Nd2 Nf6 4. e5 Nfd7 5. Bd3 c5 6. c3 Nc6 7. Ne2 b6 8. O-O
Be7 9. Nf3 O-O 10. Nf4 Re8 11. Bb1 Nf8 12. Re1 f6 13. Nh5 fxe5 14. Nxe5 Nxe5
15. dxe5 Bb7 16. Qg4 g5 17. Bxg5 Bxg5 18. Nf6+ Kh8 19. Qxg5 Nd7 20. Re3 Nxf6
21. exf6 Rg8 22. Qh5 Qd7 23. Rh3 Rxg2+ 24. Kxg2 d4+ 25. f3 d3 26. f7 1-0

[Event "CYCC U16"]
[Site "Regina CAN"]
[Date "2019.07.08"]
[Round "4.125"]
[White "Bilodeau-Savaria, Carl-William"]
[Black "Wang, Elon"]
[Result "0-1"]
[WhiteElo "1366"]
[BlackElo "1703"]
[PlyCount "92"]
[EventDate "2019.07.07"]
[EventType "swiss"]
[EventRounds "7"]
[EventCountry "CAN"]

1. d4 d5 2. c4 c6 3. Nc3 Nf6 4. e3 Bf5 5. Nf3 e6 6. Bd3 Bxd3 7. Qxd3 Bd6 8. e4
dxe4 9. Nxe4 Nxe4 10. Qxe4 Bb4+ 11. Bd2 Bxd2+ 12. Nxd2 O-O 13. O-O Nd7 14. Nf3
Nf6 15. Qc2 Qa5 16. Rfe1 Rfd8 17. h3 Rd7 18. a3 Rad8 19. Re5 Qc7 20. b4 Rxd4
21. Rc5 b6 22. Nxd4 bxc5 23. Nb3 cxb4 24. axb4 Rb8 25. Qa2 Rxb4 26. Qxa7 Qxa7
27. Rxa7 g6 28. Na5 Ra4 29. c5 Ne4 30. Nxc6 Rxa7 31. Nxa7 Nxc5 32. Kh2 Kg7 33.
Kg3 f5 34. f4 Kf6 35. Nc6 Ne4+ 36. Kf3 h5 37. h4 Nd6 38. Ne5 Kg7 39. Nc6 Nf7
40. Ne5 Nxe5+ 41. fxe5 g5 42. g3 Kg6 43. Ke3 f4+ 44. gxf4 gxh4 45. Kf2 Kf5 46.
Kf3 h3 0-1

[Event "CYCC U16"]
[Site "Regina CAN"]
[Date "2019.07.08"]
[Round "4.126"]
[White "Mirabelli, Aidan"]
[Black "Marais, Francois Guillaume"]
[Result "1-0"]
[WhiteElo "1663"]
[BlackElo "1357"]
[PlyCount "47"]
[EventDate "2019.07.07"]
[EventType "swiss"]
[EventRounds "7"]
[EventCountry "CAN"]

1. e4 c5 2. Nf3 d6 3. d4 cxd4 4. Nxd4 Nf6 5. Nc3 a6 6. Be2 e6 7. Be3 b5 8. a3
Bb7 9. f3 Nbd7 10. O-O Be7 11. Qd2 Qc7 12. Rad1 O-O 13. Nb3 Ne5 14. Qe1 Nc4 15.
Bxc4 bxc4 16. Nd4 d5 17. exd5 Nxd5 18. Bf2 Bd6 19. Nxe6 fxe6 20. Qxe6+ Qf7 21.
Qxf7+ Rxf7 22. Nxd5 Rd8 23. Ne3 Rf6 24. Bh4 1-0

[Event "CYCC U16"]
[Site "Regina CAN"]
[Date "2019.07.08"]
[Round "4.127"]
[White "Marshall, Carter"]
[Black "Li, Mengyang"]
[Result "1-0"]
[WhiteElo "1561"]
[BlackElo "896"]
[PlyCount "105"]
[EventDate "2019.07.07"]
[EventType "swiss"]
[EventRounds "7"]
[EventCountry "CAN"]

1. e4 c5 2. d4 g6 3. Nf3 Bg7 4. c3 Qc7 5. Bc4 cxd4 6. Qb3 e6 7. cxd4 Ne7 8. Bg5
Qa5+ 9. Nc3 Nbc6 10. O-O-O a6 11. d5 Ne5 12. dxe6 dxe6 13. Nxe5 Bxe5 14. Bd2
O-O 15. Nd5 Qd8 16. Nb6 Rb8 17. Bh6 Qc7 18. Bxf8 Kxf8 19. Nxc8 Nxc8 20. Kb1 Nd6
21. Rc1 Nxe4 22. Qe3 Nf6 23. Bd3 Qd6 24. Qc5 Rd8 25. Qxd6+ Rxd6 26. Be2 Rb6 27.
Rc2 Ke7 28. h3 h6 29. g3 Nd5 30. f4 Bf6 31. Bf3 Ne3 32. Rc7+ Ke8 33. Rxb7 Rxb2+
34. Rxb2 Bxb2 35. Kxb2 Ke7 36. Re1 Nc4+ 37. Kc3 Nb6 38. g4 Kf6 39. h4 Ke7 40.
f5 Kd6 41. fxe6 fxe6 42. g5 hxg5 43. hxg5 a5 44. Be4 Ke5 45. Bxg6+ Kf4 46. Rxe6
Nd5+ 47. Kd4 Kxg5 48. Kxd5 a4 49. Be8 a3 50. Ke4 Kg4 51. Rg6+ Kh5 52. Kf4 Kh4
53. Rh6# 1-0

[Event "CYCC U16"]
[Site "Regina CAN"]
[Date "2019.07.09"]
[Round "5.121"]
[White "Vasic, Maxim"]
[Black "Talukdar, Rohan"]
[Result "0-1"]
[WhiteElo "2086"]
[BlackElo "2454"]
[PlyCount "48"]
[EventDate "2019.07.07"]
[EventType "swiss"]
[EventRounds "7"]
[EventCountry "CAN"]

1. d4 Nf6 2. c4 g6 3. Nc3 d5 4. Nf3 Bg7 5. h4 c6 6. Bg5 O-O 7. Bxf6 Bxf6 8. h5
g5 9. e4 dxe4 10. Nxe4 h6 11. Nxf6+ exf6 12. Bd3 Re8+ 13. Kf1 Bg4 14. Bc2 Nd7
15. Qd3 Nf8 16. Re1 Qd6 17. Re3 Rad8 18. Nd2 Re6 19. Nb3 b6 20. f3 Bf5 21. Re4
Bxe4 22. fxe4 c5 23. d5 Re7 24. Nc1 f5 0-1

[Event "CYCC U16"]
[Site "Regina CAN"]
[Date "2019.07.09"]
[Round "5.122"]
[White "Surya, Benito"]
[Black "Chen, Andrew"]
[Result "1-0"]
[WhiteElo "2110"]
[BlackElo "1915"]
[PlyCount "91"]
[EventDate "2019.07.07"]
[EventType "swiss"]
[EventRounds "7"]
[EventCountry "CAN"]

1. e4 e5 2. Nf3 Nc6 3. Bb5 a6 4. Bxc6 dxc6 5. Nc3 Bd6 6. d4 exd4 7. Qxd4 f6 8.
Be3 Be6 9. O-O-O Qd7 10. Rhe1 c5 11. Qd2 O-O-O 12. Qe2 Qc6 13. Nd5 Qa4 14. Nc3
Qc6 15. Nd2 Be5 16. Ndb1 Ne7 17. f4 Bd4 18. Qf2 Bxe3+ 19. Qxe3 b5 20. a3 Kb7
21. Rxd8 Rxd8 22. Rd1 Rxd1+ 23. Nxd1 Qd6 24. Nf2 Qd4 25. Qf3 Nc6 26. c3 Qd7 27.
Nd3 Qd6 28. Qe3 Na5 29. Nd2 c4 30. Nc5+ Kb8 31. Nxe6 Qxe6 32. Kd1 Nb3 33. Nxb3
cxb3 34. Ke2 Qc4+ 35. Qd3 Qe6 36. h3 h5 37. Kf3 Kb7 38. Qd4 a5 39. Qc5 Qb6 40.
Qxb6+ Kxb6 41. g4 c5 42. Ke3 b4 43. cxb4 axb4 44. axb4 c4 45. Kd4 Kb5 46. Kc3
1-0

[Event "CYCC U16"]
[Site "Regina CAN"]
[Date "2019.07.09"]
[Round "5.123"]
[White "Wang, Elon"]
[Black "Wei, Daniel"]
[Result "0-1"]
[WhiteElo "1703"]
[BlackElo "2015"]
[PlyCount "52"]
[EventDate "2019.07.07"]
[EventType "swiss"]
[EventRounds "7"]
[EventCountry "CAN"]

1. e4 c5 2. Nf3 Nc6 3. Bb5 g6 4. O-O Bg7 5. c3 e5 6. d3 Nge7 7. Be3 d6 8. d4
exd4 9. cxd4 O-O 10. Nc3 Qb6 11. Bxc6 Nxc6 12. Na4 Qa5 13. dxc5 dxc5 14. Bxc5
Rd8 15. Qc2 Bg4 16. Rad1 Rxd1 17. Rxd1 Ne5 18. b4 Qc7 19. Qb3 Qc8 20. Bd4 Bxf3
21. gxf3 Qh3 22. Bxe5 Bxe5 23. f4 Qg4+ 24. Kh1 Qxf4 25. Qg3 Qxe4+ 26. Qg2 Qxb4
0-1

[Event "CYCC U16"]
[Site "Regina CAN"]
[Date "2019.07.09"]
[Round "5.124"]
[White "Lin, Benjamin"]
[Black "Mirabelli, Aidan"]
[Result "1-0"]
[WhiteElo "2053"]
[BlackElo "1663"]
[PlyCount "31"]
[EventDate "2019.07.07"]
[EventType "swiss"]
[EventRounds "7"]
[EventCountry "CAN"]

1. d4 d5 2. c4 e6 3. Nf3 Nf6 4. Qc2 Be7 5. Nbd2 Nbd7 6. e3 O-O 7. Bd3 c6 8. O-O
Qc7 9. b3 Re8 10. Bb2 b6 11. Ne5 Bd6 12. f4 Bb7 13. Ndf3 Rac8 14. Ng5 Re7 15.
Bxh7+ Kf8 16. Nexf7 1-0

[Event "CYCC U16"]
[Site "Regina CAN"]
[Date "2019.07.09"]
[Round "5.125"]
[White "Cheng, Richard"]
[Black "Marshall, Carter"]
[Result "0-1"]
[WhiteElo "1086"]
[BlackElo "1561"]
[PlyCount "58"]
[EventDate "2019.07.07"]
[EventType "swiss"]
[EventRounds "7"]
[EventCountry "CAN"]

1. e4 c5 2. Nf3 d6 3. Bb5+ Bd7 4. Bxd7+ Nxd7 5. d3 g6 6. Nc3 Bg7 7. O-O Ngf6 8.
Bd2 O-O 9. Qc1 Re8 10. Nh4 e6 11. Bg5 h6 12. Bxh6 Ng4 13. Bg5 Bf6 14. f4 Bd4+
15. Kh1 f6 16. Nd1 fxg5 17. fxg5 Rf8 18. Rf4 Qxg5 19. g3 Rxf4 20. Qxf4 Qxf4 21.
gxf4 Kg7 22. Kg2 Rh8 23. Kg3 Bf2+ 24. Kxg4 Rxh4+ 25. Kf3 Bd4 26. e5 dxe5 27. c3
Bg1 28. Kg3 Rh5 29. h3 exf4+ 0-1

[Event "CYCC U16"]
[Site "Regina CAN"]
[Date "2019.07.09"]
[Round "5.126"]
[White "Marais, Francois Guillaume"]
[Black "Chen, Jeffrey"]
[Result "0-1"]
[WhiteElo "1357"]
[BlackElo "1603"]
[PlyCount "30"]
[EventDate "2019.07.07"]
[EventType "swiss"]
[EventRounds "7"]
[EventCountry "CAN"]

1. d4 Nf6 2. c4 g6 3. Nf3 Bg7 4. e3 O-O 5. Bd3 d6 6. Nc3 Nbd7 7. b4 a5 8. Rb1
axb4 9. Rxb4 c5 10. Rb1 e5 11. d5 Ne8 12. Nd2 f5 13. f3 e4 14. fxe4 Bxc3 15.
O-O Ne5 0-1

[Event "CYCC U16"]
[Site "Regina CAN"]
[Date "2019.07.09"]
[Round "5.127"]
[White "Li, Mengyang"]
[Black "Bilodeau-Savaria, Carl-William"]
[Result "0-1"]
[WhiteElo "896"]
[BlackElo "1366"]
[PlyCount "82"]
[EventDate "2019.07.07"]
[EventType "swiss"]
[EventRounds "7"]
[EventCountry "CAN"]

1. b3 d5 2. Bb2 c5 3. e3 Nc6 4. Nf3 Bg4 5. h3 Bh5 6. Bb5 e6 7. O-O Bd6 8. Bxg7
f6 9. Nc3 Kd7 10. Ne5+ Bxe5 11. Qxh5 Nge7 12. Bxh8 Qxh8 13. f4 Bd6 14. Bxc6+
bxc6 15. Rad1 Nf5 16. Qf3 Rg8 17. g4 h5 18. Kf2 hxg4 19. hxg4 Qh4+ 20. Ke2 Ng3+
21. Kd3 Nxf1 22. Rxf1 Qxg4 23. Qxg4 Rxg4 24. Ne2 e5 25. fxe5 c4+ 26. bxc4 dxc4+
27. Kc3 Bxe5+ 28. d4 cxd3+ 29. Kxd3 Ra4 30. Nc3 Ra3 31. Kc4 Rxc3+ 32. Kb4 Rxc2
33. a4 Rc3 34. Re1 a5+ 35. Kxa5 Rb3 36. e4 Bc3+ 37. Ka6 Bxe1 38. a5 Kc7 39. e5
Rb8 40. Ka7 Bf2+ 41. Ka6 Ra8# 0-1

[Event "CYCC U16"]
[Site "Regina CAN"]
[Date "2019.07.09"]
[Round "6.121"]
[White "Talukdar, Rohan"]
[Black "Wei, Daniel"]
[Result "1-0"]
[WhiteElo "2454"]
[BlackElo "2015"]
[PlyCount "43"]
[EventDate "2019.07.07"]
[EventType "swiss"]
[EventRounds "7"]
[EventCountry "CAN"]

1. e4 c5 2. Nf3 Nc6 3. d4 cxd4 4. Nxd4 g6 5. c4 Nf6 6. Nc3 Nxd4 7. Qxd4 d6 8.
Bg5 Bg7 9. Qd2 O-O 10. Bd3 Nd7 11. Nd5 f6 12. Bh4 Ne5 13. Be2 Rf7 14. Rd1 f5
15. c5 Qf8 16. f4 Bh6 17. cxd6 exd6 18. Qc3 g5 19. fxe5 gxh4 20. Bh5 Rg7 21.
exd6 Rxg2 22. Ne7+ 1-0

[Event "CYCC U16"]
[Site "Regina CAN"]
[Date "2019.07.09"]
[Round "6.122"]
[White "Lin, Benjamin"]
[Black "Surya, Benito"]
[Result "1/2-1/2"]
[WhiteElo "2053"]
[BlackElo "2110"]
[PlyCount "29"]
[EventDate "2019.07.07"]
[EventType "swiss"]
[EventRounds "7"]
[EventCountry "CAN"]

1. d4 d5 2. c4 e6 3. Nf3 Nf6 4. e3 c5 5. Nc3 Nc6 6. a3 a6 7. dxc5 Bxc5 8. b4
Ba7 9. Bb2 O-O 10. cxd5 Nxd5 11. Be2 Nxc3 12. Bxc3 Ne7 13. O-O Nd5 14. Bb2 b5
15. Qb3 1/2-1/2

[Event "CYCC U16"]
[Site "Regina CAN"]
[Date "2019.07.09"]
[Round "6.123"]
[White "Marshall, Carter"]
[Black "Vasic, Maxim"]
[Result "0-1"]
[WhiteElo "1561"]
[BlackElo "2086"]
[PlyCount "52"]
[EventDate "2019.07.07"]
[EventType "swiss"]
[EventRounds "7"]
[EventCountry "CAN"]

1. e4 e5 2. Nf3 Nc6 3. Bc4 Bc5 4. d3 Nf6 5. O-O a6 6. Bg5 d6 7. c3 Bg4 8. Qb3
O-O 9. Bxf6 Qxf6 10. Nbd2 Na5 11. Qa4 Nxc4 12. Qxc4 Be6 13. Qa4 Kh8 14. b4 Ba7
15. Nb3 g5 16. d4 g4 17. dxe5 dxe5 18. Ne1 Bc4 19. Nc5 Bxc5 20. bxc5 Bxf1 21.
Kxf1 Qh6 22. Qd7 Qf4 23. Nd3 Qxe4 24. Re1 Qc4 25. Kg1 Rad8 26. Nxe5 Qxc3 0-1

[Event "CYCC U16"]
[Site "Regina CAN"]
[Date "2019.07.09"]
[Round "6.124"]
[White "Bu, Kevin (Yihuan)"]
[Black "Chen, Jeffrey"]
[Result "1-0"]
[WhiteElo "1983"]
[BlackElo "1603"]
[PlyCount "80"]
[EventDate "2019.07.07"]
[EventType "swiss"]
[EventRounds "7"]
[EventCountry "CAN"]

1. d4 Nf6 2. Nf3 g6 3. Bf4 Bg7 4. h3 O-O 5. e3 d6 6. Be2 c5 7. c3 Nc6 8. O-O
Nd7 9. Bh2 e5 10. Na3 Nb6 11. dxc5 dxc5 12. Nc4 Nxc4 13. Bxc4 Qe7 14. Qe2 Be6
15. Rad1 Rfd8 16. e4 a6 17. Rfe1 f6 18. Bd5 Rd6 19. Qc4 b6 20. b3 Na5 21. Bxe6+
Rxe6 22. Qd5 Nb7 23. Qc4 b5 24. Qe2 Rd8 25. c4 b4 26. Rd5 Rd7 27. Red1 Red6 28.
Ne1 Nd8 29. f4 Nc6 30. fxe5 fxe5 31. Qg4 Nd4 32. Kh1 Rxd5 33. cxd5 Rd6 34. Nd3
Qf8 35. Bxe5 Bxe5 36. Nxe5 Rf6 37. Nd7 Rf1+ 38. Kh2 Qf2 39. Rxf1 Qxf1 40. Ne5
Qf2 1-0

[Event "CYCC U16"]
[Site "Regina CAN"]
[Date "2019.07.09"]
[Round "6.125"]
[White "Chen, Andrew"]
[Black "Wang, Elon"]
[Result "1-0"]
[WhiteElo "1915"]
[BlackElo "1703"]
[PlyCount "99"]
[EventDate "2019.07.07"]
[EventType "swiss"]
[EventRounds "7"]
[EventCountry "CAN"]

1. e4 d6 2. d4 Nf6 3. Bd3 g6 4. Ne2 Bg7 5. O-O O-O 6. c4 e5 7. Nbc3 Nc6 8. d5
Nb4 9. a3 Nxd3 10. Qxd3 Nh5 11. Be3 f5 12. f3 f4 13. Bf2 g5 14. b4 g4 15. fxg4
Bxg4 16. h3 Bd7 17. Kh2 Qg5 18. Ng1 Nf6 19. Nf3 Qh6 20. Nh4 Nh5 21. c5 Bf6 22.
Ne2 Bxh4 23. Bxh4 f3 24. Ng1 Nf4 25. Qxf3 Qxh4 26. g3 Qg5 27. gxf4 Rxf4 28. Qe3
Qf6 29. Rxf4 exf4 30. Rf1 fxe3 31. Rxf6 Rf8 32. Rxf8+ Kxf8 33. Kg2 Ke7 34. Kf3
Kf6 35. h4 c6 36. dxc6 Bxc6 37. cxd6 Ke5 38. Kxe3 Kxd6 39. Kf4 Be8 40. Nf3 h5
41. Kf5 a5 42. Ne5 a4 43. Nd3 Kc6 44. Nc5 Kc7 45. e5 b6 46. Ne6+ Kc6 47. Ng7
Bf7 48. e6 Bg8 49. e7 Bf7 50. Kf6 1-0

[Event "CYCC U16"]
[Site "Regina CAN"]
[Date "2019.07.09"]
[Round "6.126"]
[White "Bilodeau-Savaria, Carl-William"]
[Black "Cheng, Richard"]
[Result "1-0"]
[WhiteElo "1366"]
[BlackElo "1086"]
[PlyCount "123"]
[EventDate "2019.07.07"]
[EventType "swiss"]
[EventRounds "7"]
[EventCountry "CAN"]

1. d4 Nf6 2. c4 e6 3. Nf3 d5 4. Nc3 Bb4 5. e3 c6 6. Bd3 dxc4 7. Bxc4 c5 8. O-O
O-O 9. Qc2 Qc7 10. dxc5 Qxc5 11. Bb3 b6 12. a3 Bxc3 13. bxc3 Bb7 14. Nd4 e5 15.
Ne2 Nc6 16. a4 Ne7 17. Ba3 Qc6 18. f3 Rfe8 19. Qa2 e4 20. Bxf7+ Kh8 21. Bxe8
Rxe8 22. Bxe7 Rxe7 23. f4 Ng4 24. Qd2 Rd7 25. Nd4 Qg6 26. Qe2 Rd5 27. f5 Qg5
28. Rf4 h5 29. h3 Ne5 30. Raf1 Ra5 31. Qd1 Nd3 32. f6 Nxf4 33. fxg7+ Qxg7 34.
Rxf4 Rg5 35. Qf1 Bd5 36. Rf5 Ba2 37. Qe2 Rxf5 38. Nxf5 Qf7 39. Nd6 Qd5 40. c4
Qxd6 41. Qxa2 Qb4 42. Qe2 Kg7 43. Qxh5 Qe1+ 44. Kh2 Qxe3 45. Qe5+ Kh6 46. Qf6+
Kh7 47. Qh4+ Kg6 48. Qg3+ Qxg3+ 49. Kxg3 Kf5 50. Kf2 Ke5 51. Ke3 a6 52. g4 Kd6
53. g5 Ke5 54. h4 Kf5 55. g6 Kxg6 56. Kxe4 Kh5 57. Kd5 Kxh4 58. Kc6 Kg5 59.
Kxb6 Kf6 60. c5 Ke7 61. Kb7 a5 62. c6 1-0

[Event "CYCC U16"]
[Site "Regina CAN"]
[Date "2019.07.09"]
[Round "6.127"]
[White "Li, Mengyang"]
[Black "Marais, Francois Guillaume"]
[Result "1-0"]
[WhiteElo "896"]
[BlackElo "1357"]
[PlyCount "51"]
[EventDate "2019.07.07"]
[EventType "swiss"]
[EventRounds "7"]
[EventCountry "CAN"]

1. b3 d5 2. Bb2 Nf6 3. e3 c5 4. Nf3 Nc6 5. Bb5 Bd7 6. Bxc6 Bxc6 7. d4 e6 8.
Nbd2 b6 9. O-O Be7 10. Qe2 O-O 11. Ne5 Bb7 12. c4 Bd6 13. Nef3 Qc7 14. Rac1
dxc4 15. bxc4 cxd4 16. exd4 Rfe8 17. Rce1 Rac8 18. Rc1 Bf4 19. Rc2 Red8 20. Rd1
Rd6 21. Ba1 Rc6 22. Bb2 Rd6 23. Ba1 Qc6 24. Bb2 Qa4 25. Rdc1 Qxa2 26. Ra1 1-0

[Event "CYCC U16"]
[Site "Regina CAN"]
[Date "2019.07.10"]
[Round "7.121"]
[White "Chen, Andrew"]
[Black "Talukdar, Rohan"]
[Result "0-1"]
[WhiteElo "1915"]
[BlackElo "2454"]
[PlyCount "92"]
[EventDate "2019.07.07"]
[EventType "swiss"]
[EventRounds "7"]
[EventCountry "CAN"]

1. e4 c5 2. Ne2 d6 3. g3 d5 4. Bg2 dxe4 5. Nbc3 f5 6. d3 exd3 7. cxd3 Nf6 8.
O-O Nc6 9. Be3 e6 10. Na4 Nd5 11. Bxd5 exd5 12. Nf4 d4 13. Qh5+ g6 14. Nxg6
hxg6 15. Qxg6+ Kd7 16. Bf4 Qe8 17. Qf6 Be7 18. Nxc5+ Kd8 19. Ne6+ Bxe6 20. Qxe6
Rf8 21. Rfe1 Qd7 22. a3 Qxe6 23. Rxe6 Kd7 24. Rae1 Rae8 25. Kg2 Bc5 26. Rxe8
Rxe8 27. Rxe8 Kxe8 28. f3 b5 29. b4 Be7 30. g4 Kf7 31. Kf2 Kg6 32. Ke2 Bg5 33.
Bd6 Bc1 34. h4 Bxa3 35. h5+ Kg7 36. g5 Bxb4 37. Bf4 a5 38. g6 Be7 39. Bc1 b4
40. Kf2 b3 41. Kg3 a4 42. Kf4 a3 43. Kxf5 b2 44. h6+ Kh8 45. Bf4 b1=Q 46. Ke6
Qb3+ 0-1

[Event "CYCC U16"]
[Site "Regina CAN"]
[Date "2019.07.10"]
[Round "7.122"]
[White "Surya, Benito"]
[Black "Bu, Kevin (Yihuan)"]
[Result "0-1"]
[WhiteElo "2110"]
[BlackElo "1983"]
[PlyCount "112"]
[EventDate "2019.07.07"]
[EventType "swiss"]
[EventRounds "7"]
[EventCountry "CAN"]

1. e4 Nf6 2. e5 Nd5 3. Nc3 Nxc3 4. dxc3 d6 5. Nf3 Nc6 6. Bf4 g6 7. Bb5 Bd7 8.
Qe2 e6 9. O-O-O a6 10. Bxc6 Bxc6 11. exd6 Bxd6 12. Bxd6 cxd6 13. Qd2 Bxf3 14.
gxf3 d5 15. Qd4 O-O 16. h4 Rc8 17. b3 Qa5 18. Kb2 Rfe8 19. f4 Qc5 20. Qe5 a5
21. h5 Qc7 22. Qf6 Qe7 23. Qd4 Qc5 24. Qe5 Qc7 25. Qe3 a4 26. Rdg1 a3+ 27. Kxa3
Qxc3 28. Qxc3 Rxc3 29. hxg6 fxg6 30. Kb4 Rxc2 31. Rc1 Rec8 32. Rxc2 Rxc2 33. a4
Rxf2 34. Kb5 Rxf4 35. Rc1 Rf7 36. Kb6 h5 37. b4 h4 38. b5 h3 39. Rh1 Rh7 40. a5
g5 41. a6 bxa6 42. bxa6 g4 43. a7 Rxa7 44. Kxa7 d4 45. Rg1 d3 46. Rxg4+ Kf7 47.
Rf4+ Ke7 48. Rf2 e5 49. Kb6 e4 50. Rd2 Kd6 51. Rh2 e3 52. Rxh3 d2 53. Rxe3 d1=Q
54. Ra3 Qd4+ 55. Ka5 Qc5+ 56. Ka4 Ke5 0-1

[Event "CYCC U16"]
[Site "Regina CAN"]
[Date "2019.07.10"]
[Round "7.123"]
[White "Vasic, Maxim"]
[Black "Lin, Benjamin"]
[Result "1/2-1/2"]
[WhiteElo "2086"]
[BlackElo "2053"]
[PlyCount "105"]
[EventDate "2019.07.07"]
[EventType "swiss"]
[EventRounds "7"]
[EventCountry "CAN"]

1. d4 d5 2. c4 e6 3. Nc3 Nf6 4. Bg5 c6 5. Nf3 h6 6. Bh4 dxc4 7. e4 g5 8. Bg3 b5
9. Be2 Bg7 10. e5 Nd5 11. h4 Qa5 12. hxg5 Nxc3 13. Qd2 b4 14. bxc3 bxc3 15. Qc2
Na6 16. Rc1 Bf8 17. Kf1 Rb8 18. g6 Rb2 19. Qe4 Nb4 20. Qf4 fxg6 21. Qf6 Rg8 22.
Ng5 hxg5 23. Rh7 Rg7 24. Rh8 Rf7 25. Qxg6 Rxe2 26. Rh7 Qc7 27. Kxe2 Nd5 28. Rb1
c2 29. Rb8 Nb6 30. Qxe6+ Re7 31. Qg6+ Kd8 32. Rh8 Nd7 33. Rxc8+ Qxc8 34. Qxc2
Qa6 35. Kf3 Qa3+ 36. Kg4 Qd3 37. Qxd3 cxd3 38. Kf3 Ke8 39. Ke3 c5 40. Kxd3 cxd4
41. Kxd4 Kf7 42. Rh1 Bg7 43. Re1 Ke6 44. f4 gxf4 45. Bxf4 Kf5 46. Rf1 Kg4 47.
Kd5 Nxe5 48. Be3 Ng6 49. Bc5 Rd7+ 50. Ke6 Rc7 51. Bd6 Rc6 52. Kd5 Rc2 53. Rf7
1/2-1/2

[Event "CYCC U16"]
[Site "Regina CAN"]
[Date "2019.07.10"]
[Round "7.124"]
[White "Wei, Daniel"]
[Black "Mirabelli, Aidan"]
[Result "0-1"]
[WhiteElo "2015"]
[BlackElo "1663"]
[PlyCount "60"]
[EventDate "2019.07.07"]
[EventType "swiss"]
[EventRounds "7"]
[EventCountry "CAN"]

1. e4 c5 2. Nf3 Nf6 3. e5 Nd5 4. c3 Nc6 5. d4 cxd4 6. cxd4 d6 7. Qb3 dxe5 8.
dxe5 e6 9. Be2 Qc7 10. Nc3 Nxc3 11. bxc3 Nxe5 12. Nd4 a6 13. a4 Bd6 14. O-O Bd7
15. Bb2 O-O 16. c4 Ng6 17. h3 e5 18. Nc2 Bc6 19. Rfd1 Nf4 20. Bf1 Rfe8 21. Ne3
Rac8 22. Nd5 Bxd5 23. cxd5 Qc2 24. Qxb7 Bc5 25. d6 Qxf2+ 26. Kh2 Qg1+ 27. Kg3
Nh5+ 28. Kg4 Nf6+ 29. Kh4 Qf2+ 30. g3 Qf5 0-1

[Event "CYCC U16"]
[Site "Regina CAN"]
[Date "2019.07.10"]
[Round "7.125"]
[White "Marshall, Carter"]
[Black "Bilodeau-Savaria, Carl-William"]
[Result "0-1"]
[WhiteElo "1561"]
[BlackElo "1366"]
[PlyCount "46"]
[EventDate "2019.07.07"]
[EventType "swiss"]
[EventRounds "7"]
[EventCountry "CAN"]

1. e4 c5 2. d4 cxd4 3. c3 dxc3 4. Nxc3 e6 5. Bf4 Nc6 6. Nb5 e5 7. Be3 Nf6 8.
Nf3 Nxe4 9. Bc4 Bb4+ 10. Kf1 O-O 11. Qc2 Nf6 12. g4 a6 13. Nc3 Bxc3 14. bxc3 d5
15. Rd1 Bxg4 16. Bxd5 Nxd5 17. Bh6 Bxf3 18. Rg1 Ne3+ 19. fxe3 Qxd1+ 20. Qxd1
Bxd1 21. Bxg7 Ne7 22. Bxf8+ Kxf8 23. Rg5 Ng6 0-1

[Event "CYCC U16"]
[Site "Regina CAN"]
[Date "2019.07.10"]
[Round "7.126"]
[White "Chen, Jeffrey"]
[Black "Li, Mengyang"]
[Result "1-0"]
[WhiteElo "1603"]
[BlackElo "896"]
[PlyCount "49"]
[EventDate "2019.07.07"]
[EventType "swiss"]
[EventRounds "7"]
[EventCountry "CAN"]

1. e4 c5 2. Nf3 Nc6 3. d4 cxd4 4. Nxd4 g6 5. Be3 Bg7 6. Nc3 Nf6 7. f3 O-O 8.
Qd2 Re8 9. O-O-O a6 10. g4 d6 11. h4 h5 12. gxh5 Nxh5 13. f4 Nxf4 14. Nxc6 bxc6
15. Bxf4 Bg4 16. Re1 Qd7 17. Bh6 a5 18. h5 Bxh5 19. Rxh5 gxh5 20. Bxg7 Kxg7 21.
Qg5+ Kh7 22. Qxh5+ Kg7 23. Bh3 Rh8 24. Rg1+ Kf6 25. Qg5# 1-0

[Event "CYCC U16"]
[Site "Regina CAN"]
[Date "2019.07.10"]
[Round "7.127"]
[White "Marais, Francois Guillaume"]
[Black "Wang, Elon"]
[Result "0-1"]
[WhiteElo "1357"]
[BlackElo "1703"]
[PlyCount "28"]
[EventDate "2019.07.07"]
[EventType "swiss"]
[EventRounds "7"]
[EventCountry "CAN"]

1. d4 d5 2. c4 c6 3. Nc3 Nf6 4. Nf3 dxc4 5. a4 Bf5 6. e3 e6 7. Bxc4 Bd6 8. O-O
O-O 9. Re1 Ne4 10. Bd3 Nxc3 11. bxc3 Bxd3 12. Qxd3 c5 13. Ba3 Nc6 14. Bxc5 Bxc5
0-1

[Event "CYCC U16U18 w"]
[Site "Regina CAN"]
[Date "2019.07.07"]
[Round "1.71"]
[White "Demchenko, Svitlana"]
[Black "Wang, Isabelle"]
[Result "1-0"]
[WhiteElo "2307"]
[BlackElo "1615"]
[PlyCount "107"]
[EventDate "2019.07.07"]
[EventType "tourn"]
[EventRounds "6"]
[EventCountry "CAN"]

1. d4 d5 2. Nf3 e6 3. Bf4 Nf6 4. e3 Be7 5. Bd3 O-O 6. Ne5 b6 7. Nd2 Bb7 8. Qf3
Nbd7 9. Qh3 Re8 10. Ndf3 Ne4 11. Nxd7 Qxd7 12. Ne5 Qd8 13. f3 Nf6 14. g4 g6 15.
Bb5 Rf8 16. Bh6 Qd6 17. Bxf8 Bxf8 18. c3 a6 19. Bd3 c5 20. O-O Bg7 21. f4 Ne4
22. Bxe4 dxe4 23. Rad1 Bxe5 24. fxe5 Qe7 25. Rf6 Rf8 26. Rdf1 cxd4 27. exd4 Qd7
28. Qe3 Qd5 29. b3 b5 30. g5 Bc6 31. R6f4 Ba8 32. Kf2 Bc6 33. Qh3 b4 34. Rd1
bxc3 35. Qxc3 Rc8 36. Qc5 Qd7 37. Qd6 Qxd6 38. exd6 Rd8 39. Ke3 Rxd6 40. Rdf1
Rd7 41. Rc1 Rd6 42. Rf2 Kg7 43. Rfc2 Be8 44. Kxe4 h6 45. h4 hxg5 46. hxg5 Rd5
47. Rc5 Rd6 48. Ke5 Rd7 49. R1c4 Rd8 50. Rb4 Bb5 51. Rbxb5 axb5 52. Rxb5 Rd5+
53. Rxd5 exd5 54. a4 1-0

[Event "CYCC U16U18 w"]
[Site "Regina CAN"]
[Date "2019.07.07"]
[Round "1.72"]
[White "Botez, Andrea"]
[Black "Cao, Yingying (Lucy)"]
[Result "0-1"]
[WhiteElo "1899"]
[BlackElo "1818"]
[PlyCount "108"]
[EventDate "2019.07.07"]
[EventType "tourn"]
[EventRounds "6"]
[EventCountry "CAN"]

1. d4 d5 2. Bf4 Nf6 3. e3 e6 4. Nf3 Bd6 5. Bg3 O-O 6. Bd3 c5 7. c3 Qc7 8. Nbd2
Nbd7 9. Bxd6 Qxd6 10. O-O e5 11. dxe5 Nxe5 12. Nxe5 Qxe5 13. Nf3 Qc7 14. h3 b6
15. Rc1 Bb7 16. Qa4 Rfd8 17. Qh4 h6 18. Rfd1 d4 19. cxd4 Bxf3 20. gxf3 Rd5 21.
f4 Qd7 22. Be2 Rc8 23. Bf3 Rd6 24. dxc5 Rxc5 25. Qg3 Rd2 26. Kh2 Rxc1 27. Rxc1
Rxb2 28. Rg1 g6 29. h4 h5 30. Rd1 Qe6 31. a4 Qa2 32. Kg2 Qxa4 33. f5 Ng4 34.
Bxg4 Qxg4 35. Qxg4 hxg4 36. fxg6 a5 37. gxf7+ Kxf7 38. Rd7+ Ke6 39. Rg7 Rb5 40.
Kg3 Kf5 41. Rg5+ Kf6 42. Rxg4 Rb4 43. f4 Rb5 44. Rg8 a4 45. Ra8 Ra5 46. Rb8 Ra6
47. Rf8+ Kg7 48. Rc8 a3 49. Rc1 a2 50. Ra1 b5 51. Kf3 b4 52. Ke2 b3 53. Kd2 b2
54. Rg1+ Kf7 0-1